[Event "St.Petersburg Summer Open"]
[Site "St Petersburg RUS"]
[Date "2016.08.24"]
[Round "8.11"]
[White "Karasev, Vladimir I"]
[Black "Filyanin, Daniil"]
[Result "1/2-1/2"]
[WhiteTitle "IM"]
[WhiteElo "2367"]
[BlackElo "2098"]
[WhiteFideId "4103971"]
[BlackFideId "24177300"]
[EventDate "2016.08.17"]

1. f4 d5 2. Nf3 Nf6 3. e3 c6 4. b3 Bg4 5. Bb2 Nbd7 6. h3 Bxf3 7. Qxf3 Qc7 8. d3
e5 9. Nd2 exf4 10. exf4 O-O-O 11. O-O-O Qa5 12. Kb1 Bb4 13. Qf2 Rhe8 14. g4 Nc5
15. g5 Nfd7 16. h4 Bc3 17. Bh3 Bxb2 18. Kxb2 Qb4 19. Nb1 Na4+ 20. Ka1 Nb6 21. c3
Qd6 22. Rhe1 Kc7 23. d4 g6 24. f5 Re4 25. Rxe4 dxe4 26. Re1 Re8 27. Nd2 e3 28.
Rxe3 Rxe3 29. Qxe3 Nd5 30. Qd3 Nf4 31. Qf3 Nxh3 32. Qxh3 Qf4 33. Qd3 Qxh4 34.
fxg6 hxg6 35. Ne4 f5 36. gxf6 Nxf6 37. Ng3 Qf4 38. Kb2 g5 39. Ne2 Qf2 40. Qg3+
Qxg3 41. Nxg3 Kd6 42. Kc2 c5 43. Kd3 cxd4 44. Kxd4 g4 45. c4 a5 46. a3 Kc6 47.
b4 axb4 48. axb4 b5 1/2-1/2

[Event "St.Petersburg Summer Open"]
[Site "St Petersburg RUS"]
[Date "2016.08.24"]
[Round "8.12"]
[White "Remizov, Yaroslav"]
[Black "Lamorelle, Julien"]
[Result "1/2-1/2"]
[BlackTitle "FM"]
[WhiteElo "2104"]
[BlackElo "2376"]
[WhiteFideId "34134015"]
[BlackFideId "616010"]
[EventDate "2016.08.17"]

1. e4 d5 2. exd5 Qxd5 3. Nc3 Qa5 4. d4 Nf6 5. Nf3 Nc6 6. Bb5 Ne4 7. Bd2 Nxc3 8.
Bxc6+ bxc6 9. Bxc3 Qd5 10. h3 Ba6 11. Qd2 g6 12. Qg5 Qe4+ 13. Qe3 Qxc2 14. d5
Rg8 15. Nd4 Qd3 16. Nxc6 Qxe3+ 17. fxe3 Bb7 18. O-O-O Bh6 19. Kc2 Bxe3 20. Rhe1
Bc5 21. Nxe7 Bxe7 22. Bf6 O-O-O 23. Rxe7 Rd7 24. g4 Rxe7 25. Bxe7 Kd7 26. d6 f5
27. Kc3 Ke6 28. Kb4 cxd6 29. Bxd6 Rd8 30. gxf5+ gxf5 31. Kc5 Rc8+ 32. Kb4 Rc2
33. Kb3 Rf2 34. Bc5 Rf3+ 35. Kb4 Bd5 36. b3 Rxh3 37. Bxa7 f4 38. Re1+ Kf5 39.
Bd4 Be4 40. Kc5 Rh2 41. a4 f3 42. a5 Bd3 43. Re3 Be4 44. Re1 Bd3 45. Re3 Be2 46.
a6 Bxa6 47. Rxf3+ Ke4 48. Re3+ Kf5 49. b4 h5 1/2-1/2

[Event "St.Petersburg Summer Open"]
[Site "St Petersburg RUS"]
[Date "2016.08.24"]
[Round "8.13"]
[White "Bazeev, German"]
[Black "Dragun, Valentin"]
[Result "1/2-1/2"]
[WhiteElo "2288"]
[BlackElo "2151"]
[WhiteFideId "24119350"]
[BlackFideId "4502540"]
[EventDate "2016.08.17"]

1. d4 d6 2. c4 e5 3. Nf3 Nd7 4. Nc3 g6 5. g3 Bg7 6. Bg2 Ngf6 7. O-O O-O 8. h3 c6
9. e4 Qb6 10. c5 dxc5 11. dxe5 Ne8 12. Qc2 Qc7 13. Be3 b6 14. Rad1 Nxe5 15. Nxe5
Bxe5 16. f4 Bg7 17. e5 Be6 18. g4 f5 19. g5 Rf7 20. Nb5 Qc8 21. Nc3 Bf8 22. Bf3
Ng7 23. Qg2 Rc7 24. Nb5 cxb5 25. Bxa8 Bxa2 26. Rd2 Ne6 27. Bd5 Bxd5 28. Qxd5 Kf7
29. Rfd1 Be7 30. h4 a5 31. h5 Qb7 32. hxg6+ hxg6 33. Qxb7 Rxb7 34. Rd7 Rxd7 35.
Rxd7 Ke8 36. Rb7 Bd8 1/2-1/2

[Event "St.Petersburg Summer Open"]
[Site "St Petersburg RUS"]
[Date "2016.08.24"]
[Round "8.14"]
[White "Talyansky, Seth D"]
[Black "Emdin, Mark"]
[Result "1/2-1/2"]
[WhiteElo "1963"]
[BlackElo "2247"]
[WhiteFideId "30907730"]
[BlackFideId "4100050"]
[EventDate "2016.08.17"]

1. e4 d6 2. d4 Nf6 3. Nc3 e5 4. Nf3 Nbd7 5. Bc4 Be7 6. O-O O-O 7. a4 c6 8. Bb3
b6 9. Re1 a6 10. Bg5 Bb7 11. Nh4 g6 12. Bh6 Re8 13. h3 b5 14. axb5 axb5 15. Rxa8
Qxa8 16. dxe5 Nxe5 17. Nf3 b4 18. Nxe5 dxe5 19. Nb1 Qa1 20. Qf3 c5 21. Bxf7+
Kxf7 22. Qb3+ Bd5 23. exd5 Bd6 24. Rd1 e4 25. c3 c4 26. Qxc4 Qxb2 27. cxb4 Qxb4
28. Qxb4 Bxb4 29. Nd2 Re5 30. Nc4 Rxd5 31. Rxd5 Nxd5 32. Bd2 Bc5 33. Kf1 Ke6 34.
Ke2 Bd4 35. f3 exf3+ 1/2-1/2

[Event "St.Petersburg Summer Open"]
[Site "St Petersburg RUS"]
[Date "2016.08.24"]
[Round "8.15"]
[White "Bondarenko, Ivan"]
[Black "Zavgorodniaya, Alena"]
[Result "0-1"]
[WhiteElo "2224"]
[BlackElo "1937"]
[WhiteFideId "34152153"]
[BlackFideId "4169956"]
[EventDate "2016.08.17"]

1. d4 d5 2. c4 c6 3. cxd5 cxd5 4. Bf4 Nf6 5. e3 Nc6 6. Nc3 Bf5 7. Qb3 Na5 8.
Qa4+ Bd7 9. Qc2 e6 10. Nf3 Nh5 11. Bg5 f6 12. Bh4 g5 13. Bg3 a6 14. Bd3 g4 15.
Nd2 Nxg3 16. hxg3 f5 17. a3 Rc8 18. Ke2 h6 19. b4 Nc4 20. Bxc4 dxc4 21. e4 Bg7
22. Rhd1 Bxd4 23. exf5 exf5 24. Nde4 Bc6 25. Qd2 Bxe4 26. Nxe4 Bxa1 27. Nd6+ Kf8
28. Rxa1 Rc6 29. Qd4 Rh7 30. Rd1 c3 31. Qf4 Qf6 32. Nxf5 Rhc7 33. Rc1 c2 34.
Qxg4 Rc4 35. f4 Qb2 0-1

[Event "St.Petersburg Summer Open"]
[Site "St Petersburg RUS"]
[Date "2016.08.24"]
[Round "8.16"]
[White "Pyatin, Alexander"]
[Black "Markevich, Ilya"]
[Result "0-1"]
[WhiteElo "2204"]
[BlackElo "2195"]
[WhiteFideId "24125920"]
[BlackFideId "24114839"]
[EventDate "2016.08.17"]

1. e4 c5 2. Nf3 e6 3. d4 cxd4 4. Nxd4 Nc6 5. Nc3 Qc7 6. g3 a6 7. Bg2 d6 8. O-O
Bd7 9. Nde2 b5 10. a3 Nf6 11. h3 Be7 12. g4 h6 13. Ng3 Nh7 14. f4 O-O 15. Kh1
Rab8 16. f5 Ne5 17. Nh5 Bg5 18. Nf4 Rbc8 19. Qe1 Qd8 20. Qf2 a5 21. Qd4 Nc4 22.
fxe6 fxe6 23. Nh5 Qe7 24. Ne2 Rxf1+ 25. Bxf1 e5 26. Qd5+ Kh8 27. Nc3 Bxc1 28.
Rxc1 Bc6 29. Qd1 Nxb2 30. Nd5 Qg5 31. Qe1 Bxd5 32. exd5 e4 33. Rb1 Qe5 34. c3
Na4 35. Rxb5 Nxc3 36. Rb7 g6 37. Qf2 Rf8 38. Qa7 gxh5 39. Rxh7+ Kg8 40. Rxh6 Qg7
41. Qe3 Rxf1+ 42. Kg2 Rf3 43. Qc1 hxg4 0-1

[Event "St.Petersburg Summer Open"]
[Site "St Petersburg RUS"]
[Date "2016.08.24"]
[Round "8.17"]
[White "Kolomensky, Vladimir"]
[Black "Vunder, Andrey"]
[Result "0-1"]
[WhiteTitle "FM"]
[WhiteElo "2196"]
[BlackElo "2138"]
[WhiteFideId "4123565"]
[BlackFideId "4128338"]
[EventDate "2016.08.17"]

1. e4 e6 2. d4 d5 3. Nd2 c5 4. exd5 exd5 5. Ngf3 Nf6 6. Bb5+ Bd7 7. Bxd7+ Nbxd7
8. O-O Be7 9. dxc5 Nxc5 10. Nb3 Nce4 11. Nfd4 Qd7 12. Qf3 O-O 13. Nf5 Bd8 14.
Rd1 Rc8 15. c3 Re8 16. Be3 g6 17. Nh6+ Kg7 18. h3 a5 19. Nd4 b5 20. a3 Nd6 21.
Ng4 Nxg4 22. hxg4 Nc4 23. Nc2 Ne5 24. Qxd5 Qxg4 25. Bd4 Bf6 26. Ne3 Qh5 27. Re1
Rcd8 28. Qb7 Nd7 29. Rad1 Bxd4 30. Rxd4 Nf6 31. Red1 Rxd4 32. Rxd4 Qe2 33. a4
bxa4 34. Rf4 Rxe3 35. Rxf6 Qd1+ 0-1

[Event "St.Petersburg Summer Open"]
[Site "St Petersburg RUS"]
[Date "2016.08.24"]
[Round "8.18"]
[White "Puraev, Artemiy"]
[Black "Kuzmin, Egor"]
[Result "0-1"]
[BlackTitle "FM"]
[WhiteElo "2179"]
[BlackElo "2266"]
[WhiteFideId "24147869"]
[BlackFideId "24101737"]
[EventDate "2016.08.17"]

1. d4 d5 2. Bf4 Nf6 3. e3 e6 4. Nf3 c5 5. c3 Nc6 6. Nbd2 h6 7. Bd3 Bd6 8. Bg3
O-O 9. Ne5 Qc7 10. f4 a6 11. Bh4 Be7 12. Bxf6 Bxf6 13. Qh5 Nxe5 14. dxe5 Be7 15.
g4 c4 16. Bc2 Qb6 17. O-O-O Qxe3 18. Rhf1 Kh8 19. Rf3 Qc5 20. Rg3 Bd7 21. g5 Be8
22. Qe2 b5 23. Rh3 Rg8 24. Nf3 b4 25. Nd4 bxc3 26. bxc3 Rb8 27. Rg3 Qa3+ 28. Kd2
Rb2 29. Rc1 Bc5 30. gxh6 g6 31. Qg4 Bxd4 32. cxd4 Qa5+ 33. Rc3 Rxa2 34. Qg5 Qb6
35. Qf6+ Kh7 36. Ke3 Qb2 37. Kd2 Qb6 38. Ke3 Qb4 39. Kd2 Ra3 40. Bd1 Rxc3 41.
Rxc3 Qb6 42. Ke3 Qb2 43. Rc2 Qb3+ 44. Kd2 Qd3+ 45. Kc1 Qxd4 46. h4 Qe3+ 47. Kb2
Qb3+ 48. Kc1 d4 49. h5 gxh5 50. Rd2 Qa3+ 51. Kb1 Rg1 52. Rxd4 Qb3+ 53. Ka1 Qc3+
54. Ka2 Rg2+ 0-1

[Event "St.Petersburg Summer Open"]
[Site "St Petersburg RUS"]
[Date "2016.08.24"]
[Round "8.19"]
[White "Markelova, Lubov"]
[Black "Afanasiev, Nikita"]
[Result "1/2-1/2"]
[WhiteTitle "WFM"]
[BlackTitle "FM"]
[WhiteElo "2108"]
[BlackElo "2349"]
[WhiteFideId "24131369"]
[BlackFideId "24183555"]
[EventDate "2016.08.17"]

1. Nf3 d5 2. d4 Nf6 3. c4 c6 4. Nc3 a6 5. a4 Bf5 6. Bf4 e6 7. Qb3 b6 8. e3 Nbd7
9. Be2 Be7 10. O-O O-O 11. h3 Ne8 12. cxd5 exd5 13. Na2 Nb8 14. Rac1 c5 15. dxc5
bxc5 16. Nc3 Nf6 17. Qb7 Nbd7 18. Nxd5 Nxd5 19. Qxd5 Be6 20. Qd2 Qb6 21. a5 Qb7
22. Ne5 Nf6 23. Bf3 Ne4 24. Qc2 f5 25. Nc4 Rad8 26. Rfd1 Bd5 27. Nb6 Bc6 28. b4
Bf6 29. bxc5 g5 30. Qc4+ Kh8 31. Rxd8 Rxd8 32. Bxe4 fxe4 33. Qe6 Qe7 34. Qxe7
Bxe7 35. Be5+ Kg8 36. Bd4 Kf7 37. Nc4 Ke6 38. Ne5 Bb5 39. Rc3 Rc8 40. f3 Bd8 41.
Nc4 exf3 42. gxf3 Bc6 43. Nb6 Rc7 44. e4 Rf7 45. Bf2 h5 46. Rd3 Bc7 47. Nd5 Be5
48. Kg2 Rb7 49. Nb6 g4 50. Nd5 Bb5 51. Rd2 gxh3+ 52. Kxh3 Rf7 53. Kg2 Rg7+ 54.
Kh1 Rf7 55. Kg2 Rg7+ 1/2-1/2

[Event "St.Petersburg Summer Open"]
[Site "St Petersburg RUS"]
[Date "2016.08.24"]
[Round "8.20"]
[White "Gnidenko, Andrey"]
[Black "Kamnev, Alexander"]
[Result "1-0"]
[WhiteElo "2204"]
[BlackElo "2101"]
[WhiteFideId "4199570"]
[BlackFideId "24176753"]
[EventDate "2016.08.17"]

1. d4 d5 2. c4 e6 3. Nc3 Be7 4. Nf3 Nf6 5. g3 O-O 6. Bg2 c6 7. O-O b6 8. Qa4
dxc4 9. Qxc4 Ba6 10. Qa4 Nd5 11. Re1 Bb7 12. Ne5 b5 13. Qb3 Qb6 14. e4 Nxc3 15.
bxc3 Rd8 16. Be3 Qc7 17. f4 Nd7 18. Nd3 a6 19. f5 c5 20. fxe6 c4 21. Qd1 cxd3
22. exd7 Qxc3 23. Rc1 Qa5 24. Bh3 Bb4 25. Rf1 d2 26. Rc2 Bxe4 27. Rc8 Qxa2 28.
Bg5 f6 29. Qg4 Bg6 30. Qf3 Raxc8 31. dxc8=Q Rxc8 32. Bxc8 fxg5 33. Qa8 Be8 34.
Bd7 h6 35. Qxe8+ Kh7 36. Bf5+ 1-0

[Event "St.Petersburg Summer Open"]
[Site "St Petersburg RUS"]
[Date "2016.08.24"]
[Round "8.21"]
[White "Korobitsyn, Daniil"]
[Black "Pogosian, Vladimir"]
[Result "1-0"]
[WhiteElo "2021"]
[BlackElo "2178"]
[WhiteFideId "24120472"]
[BlackFideId "13301586"]
[EventDate "2016.08.17"]

1. e4 d6 2. d4 Nf6 3. Nc3 g6 4. f4 Bg7 5. Nf3 O-O 6. Bd3 Nc6 7. Be3 Ng4 8. Bg1
e5 9. d5 Nd4 10. h3 Nxf3+ 11. Qxf3 Nf6 12. O-O-O exf4 13. Bd4 Bh6 14. Kb1 Nd7
15. g4 Ne5 16. Qf2 c5 17. Bxe5 dxe5 18. Qxc5 b6 19. Qa3 Re8 20. Bb5 Bd7 21. d6
Bf8 22. Qa4 Bxb5 23. Qxb5 a6 24. Qb3 Re6 25. d7 Ra7 26. Qd5 Re7 27. Qc6 Rexd7
28. Nd5 Rd6 29. Qc3 Re6 30. Nxf4 Rd6 31. Nd5 Re6 32. h4 Rd7 33. Qd3 Ra7 34. g5
Kh8 35. Qg3 Rd7 36. Rdf1 h5 37. gxh6 Bxh6 38. h5 g5 39. Qg4 Rxd5 40. exd5 Qxd5
41. Qf5 Re8 42. Qf6+ Bg7 43. Qxg5 Rg8 44. h6 Bf8 45. Qf6+ Kh7 46. Qxf7+ Qxf7 47.
Rxf7+ Kg6 48. Rb7 Rh8 49. Rxb6+ Kf5 50. Rxa6 Bc5 51. h7 Be3 52. Rc6 e4 53. Rc7
Bb6 54. Rg7 e3 55. Rg8 Bd4 56. c3 Be5 57. Rxh8 Bxh8 58. Kc2 Ke4 59. Kd1 Kf3 60.
Rh2 1-0

[Event "St.Petersburg Summer Open"]
[Site "St Petersburg RUS"]
[Date "2016.08.24"]
[Round "8.22"]
[White "Babanin, Gleb"]
[Black "Khadzhiev, Valery"]
[Result "1-0"]
[WhiteElo "2082"]
[BlackElo "2174"]
[WhiteFideId "34152536"]
[BlackFideId "34154601"]
[EventDate "2016.08.17"]

1. e4 e6 2. d4 d5 3. Nc3 Nf6 4. e5 Ng8 5. f4 c5 6. Nf3 Nh6 7. Be3 Nf5 8. Bf2 Qb6
9. Qd2 Bd7 10. dxc5 Bxc5 11. Bxc5 Qxc5 12. Bd3 Ne7 13. Qf2 Qb4 14. O-O-O Qxf4+
15. Kb1 O-O 16. Bxh7+ Kxh7 17. Rd4 Qf5 18. Qh4+ Kg8 19. Qxe7 Nc6 20. Qxd7 Nxd4
21. Nxd4 Qxe5 22. Nf3 Qe3 23. Qb5 Rac8 24. Qd3 Qh6 25. h4 Rc4 26. g3 Rfc8 27.
Ne5 R4c7 28. g4 Qf4 29. Qe2 d4 30. Nd3 Qh6 31. Nd1 Rxc2 32. Qxc2 Rxc2 33. Kxc2
Qg6 34. Nf2 e5 35. Re1 Qc6+ 36. Kb1 f6 37. Re4 a5 38. h5 b5 39. a3 Qc4 40. g5 b4
41. axb4 axb4 42. h6 fxg5 43. hxg7 b3 44. Rxe5 Qc2+ 45. Ka1 Qd2 46. Re4 Qa5+ 47.
Kb1 Qa7 48. Re5 Qxg7 49. Ne4 Qc7 50. Rxg5+ Kf8 51. Nec5 Qh2 52. Nxb3 Qh4 53.
Rf5+ Ke7 54. Rf4 Qh1+ 55. Ndc1 Qh7+ 56. Ka2 Ke6 57. Rxd4 Qa7+ 58. Kb1 Qh7+ 59.
Rd3 Ke5 60. Kc2 Qh2+ 61. Nd2 Qh7 62. Nf3+ Kf5 63. Ne2 Qb7 64. Nc3 Qh7 65. Nd4+
Ke5 66. b4 Qh2+ 67. Kb3 Qh7 68. Nf3+ Kf4 69. Nd5+ Kf5 70. Kc4 Qh8 71. Nd4+ Ke5
72. Re3+ Kd6 73. Re6+ Kd7 74. Nf6+ Kc7 75. Nb5+ Kb7 76. Re7+ 1-0

[Event "St.Petersburg Summer Open"]
[Site "St Petersburg RUS"]
[Date "2016.08.24"]
[Round "8.23"]
[White "Pischikov, Vadim"]
[Black "Shadrin, Anton"]
[Result "0-1"]
[WhiteElo "2162"]
[BlackElo "2066"]
[WhiteFideId "4100280"]
[BlackFideId "4158881"]
[EventDate "2016.08.17"]

1. d4 d5 2. Nf3 Nf6 3. Bf4 c5 4. e3 Nc6 5. c3 Qb6 6. Qb3 c4 7. Qc2 Bf5 8. Qc1
Nh5 9. Bg5 f6 10. Bh4 g5 11. Bg3 e5 12. Be2 O-O-O 13. Nbd2 Nxg3 14. hxg3 Bd3 15.
Bxd3 cxd3 16. dxe5 Nxe5 17. Nxe5 fxe5 18. Nf3 Qf6 19. Qd2 g4 20. Nh2 Qg6 21.
O-O-O e4 22. Kb1 Kb8 23. Rc1 Rc8 24. Qd1 h5 25. Nxg4 Bg7 26. Nh2 Rhf8 27. Rf1
Bh6 28. Qd2 Rf6 29. Rh1 Qf7 30. f4 Ra6 31. Nf1 Bg7 32. Qd1 d4 33. c4 Rxc4 34.
Rxc4 Qxc4 35. Qb3 Qxb3 36. axb3 Rb6 37. Ka2 Rc6 38. Kb1 Rc2 39. Rxh5 Rxb2+ 40.
Kc1 Ra2 41. Rg5 Ra1+ 42. Kd2 Rxf1 43. Rxg7 Rf2+ 44. Ke1 dxe3 45. Rd7 d2+ 46. Kd1
Rf1+ 0-1

[Event "St.Petersburg Summer Open"]
[Site "St Petersburg RUS"]
[Date "2016.08.24"]
[Round "8.24"]
[White "Krukovsky, Alexander"]
[Black "Manin, Viktor"]
[Result "0-1"]
[WhiteElo "2024"]
[BlackElo "2159"]
[WhiteFideId "4157346"]
[BlackFideId "14201291"]
[EventDate "2016.08.17"]

1. d4 Nf6 2. c4 e6 3. Nc3 Bb4 4. e3 c5 5. Ne2 cxd4 6. exd4 d5 7. a3 Be7 8. Nf4
O-O 9. cxd5 exd5 10. Be2 Nc6 11. O-O Bf5 12. Be3 Re8 13. Qb3 Na5 14. Qa2 Be6 15.
Nxe6 fxe6 16. Rac1 Bd6 17. b4 Nc6 18. Rcd1 Ne7 19. Qb3 Nf5 20. Bg5 h6 21. Bxf6
Qxf6 22. Nb5 Bb8 23. Bg4 Nh4 24. Qh3 Ng6 25. g3 a6 26. Nc3 Ba7 27. Bh5 Rac8 28.
Ne2 Rf8 29. Bxg6 Qxg6 30. Rd2 0-1

[Event "St.Petersburg Summer Open"]
[Site "St Petersburg RUS"]
[Date "2016.08.24"]
[Round "8.25"]
[White "Zaykov, Sergey"]
[Black "Kozyrin, Aleksandr"]
[Result "1/2-1/2"]
[WhiteElo "2156"]
[BlackElo "2058"]
[WhiteFideId "4143906"]
[BlackFideId "34147800"]
[EventDate "2016.08.17"]

1. Nf3 d5 2. c4 c6 3. b3 Nf6 4. Bb2 g6 5. g3 Bg7 6. Bg2 O-O 7. O-O Bg4 8. d3
Nbd7 9. Nbd2 Re8 10. h3 Bxf3 11. Nxf3 e5 12. cxd5 cxd5 13. Qd2 a5 14. Rac1 Qb6
15. Qc2 Bh6 16. e3 d4 17. g4 Nd5 18. g5 Bg7 19. Qc4 Nc3 20. Bxc3 dxc3 21. Qxc3
e4 22. Nd4 Rac8 23. Qxc8 Rxc8 24. Rxc8+ Nf8 25. Bxe4 Bxd4 26. exd4 Qxd4 27. Rfc1
Kg7 28. R8c4 Qd8 29. h4 Ne6 30. Bxb7 Qxd3 31. Kg2 h6 32. R1c3 Qd6 33. gxh6+ Kxh6
34. Be4 Nf4+ 35. Kf3 Ne6 36. Bc2 Qh2 37. Ke3 Qg1 38. Bd3 Qh2 39. a3 Qe5+ 40. Kd2
Qh2 41. Ke3 Qe5+ 42. Kd2 Qh2 1/2-1/2

[Event "St.Petersburg Summer Open"]
[Site "St Petersburg RUS"]
[Date "2016.08.24"]
[Round "8.26"]
[White "Azimov, Ilyas"]
[Black "Bezstrakhov, Dmitry"]
[Result "0-1"]
[WhiteElo "2136"]
[BlackElo "1981"]
[WhiteFideId "24175226"]
[BlackFideId "34183768"]
[EventDate "2016.08.17"]

1. e4 e6 2. d4 d5 3. Nc3 Nf6 4. Bd3 b6 5. Nf3 Ba6 6. Bg5 Bxd3 7. Qxd3 Be7 8. e5
Ng8 9. h4 a6 10. Ne2 h6 11. Bxe7 Nxe7 12. Nf4 c5 13. c3 Qd7 14. Nh5 Rg8 15. Qh7
Kf8 16. Rh3 Qb5 17. O-O-O Ng6 18. Rg3 Nc6 19. Rxg6 fxg6 20. Qxg6 Nd8 21. g4 Qe2
22. Nh2 Ra7 23. Nf4 Qe4 24. Qxe4 dxe4 25. dxc5 Kf7 26. cxb6 Rb7 27. Rd6 g5 28.
hxg5 hxg5 29. Ne2 Ke7 30. Rd4 Rf8 31. Nf1 Rxf2 32. Nfg3 e3 33. Re4 Rf3 34. Kc2
Rxb6 35. b4 Nf7 36. a4 Rb8 37. Kb3 Kd7 38. Nh5 Rh3 39. Nf6+ Ke7 40. Nd4 Nxe5 41.
Rxe5 Kxf6 42. Rxe6+ Kf7 43. Re5 Re8 44. Rxg5 Re4 45. Kc2 e2 46. Nxe2 Rxe2+ 47.
Kb3 Rg3 48. b5 axb5 49. axb5 Ke7 50. b6 Kd7 51. Rc5 Re6 52. Rb5 Kc8 53. Kb4 Kb7
54. Kc5 Rxg4 55. c4 Rc6+ 0-1

[Event "St.Petersburg Summer Open"]
[Site "St Petersburg RUS"]
[Date "2016.08.24"]
[Round "8.27"]
[White "Averyanov, Grigori"]
[Black "Tretyakov, Stepan"]
[Result "1-0"]
[WhiteElo "1821"]
[BlackElo "2122"]
[WhiteFideId "44150288"]
[BlackFideId "24198820"]
[EventDate "2016.08.17"]

1. d4 Nf6 2. c4 e6 3. g3 d5 4. Nf3 Bb4+ 5. Bd2 Be7 6. Bg2 c6 7. Qc2 O-O 8. O-O
Nbd7 9. Bf4 b6 10. cxd5 cxd5 11. Nc3 Bb7 12. Rac1 Nb8 13. Ne5 Nc6 14. Rfd1 Bd6
15. Nxc6 Bxc6 16. Bxd6 Qxd6 17. Ne4 Nxe4 18. Bxe4 dxe4 19. Qxc6 Qb4 20. b3 Qa5
21. Rc2 Qf5 22. Rdc1 g6 23. Qc7 Rfd8 24. e3 h5 25. Qf4 Qxf4 26. gxf4 Rd7 27. Rc7
Rad8 28. a4 Kf8 29. Kg2 Ke7 30. f3 Rxc7 31. Rxc7+ Kd6 32. Rxa7 Rc8 33. fxe4 Rc2+
34. Kf3 Rxh2 35. Rxf7 Rh3+ 36. Kf2 Rh2+ 37. Kf3 Rh3+ 38. Kf2 Rh2+ 39. Kg3 Rb2
40. Rg7 Rxb3 41. Kf3 Ra3 42. Rxg6 Rxa4 43. f5 b5 44. Rxe6+ Kd7 45. Rh6 b4 46.
Rxh5 b3 47. Rh2 Ra2 48. Rh1 Rd2 49. e5 b2 50. Ke4 Kc6 51. f6 Kb5 52. f7 Rf2 53.
e6 Rh2 54. f8=Q Rxh1 55. Qb8+ 1-0

[Event "St.Petersburg Summer Open"]
[Site "St Petersburg RUS"]
[Date "2016.08.24"]
[Round "8.28"]
[White "Kuzmin, Yuriy"]
[Black "Sakorenko, Adriana"]
[Result "1-0"]
[WhiteElo "2275"]
[BlackElo "1942"]
[WhiteFideId "24122041"]
[BlackFideId "34130249"]
[EventDate "2016.08.17"]

1. d4 Nf6 2. Nf3 e6 3. c4 d5 4. g3 c6 5. Qc2 Bd6 6. Bg2 O-O 7. O-O Nbd7 8. Nbd2
Re8 9. Rd1 Qc7 10. c5 Bf8 11. e4 e5 12. exd5 cxd5 13. dxe5 Nxe5 14. Nxe5 Qxe5
15. Nf3 Qf5 16. Qxf5 Bxf5 17. Be3 a5 18. Rac1 Rac8 19. b3 Bg4 20. h3 Be6 21. a3
b6 22. cxb6 Bxa3 23. Rxc8 Bxc8 24. g4 Bb7 25. Nd4 Bc5 26. Nf5 Bxe3 27. Nxe3 Kf8
28. Ra1 Ra8 29. g5 Ne4 30. Bxe4 dxe4 31. Nc4 Rb8 32. Rxa5 Ke7 33. Kh2 f6 34.
gxf6+ gxf6 35. Kg3 Kd7 36. Ra7 Kc6 37. Na5+ 1-0

[Event "St.Petersburg Summer Open"]
[Site "St Petersburg RUS"]
[Date "2016.08.24"]
[Round "8.29"]
[White "Melnikov, Dmitry"]
[Black "Kiseleva, Arina"]
[Result "1-0"]
[WhiteTitle "FM"]
[BlackTitle "WCM"]
[WhiteElo "2262"]
[BlackElo "1999"]
[WhiteFideId "4146468"]
[BlackFideId "4164989"]
[EventDate "2016.08.17"]

1. f4 d6 2. Nf3 Nf6 3. g3 Nbd7 4. d3 e5 5. Nc3 g6 6. Bg2 c6 7. O-O Qb6+ 8. e3
exf4 9. gxf4 Bg7 10. Kh1 d5 11. e4 dxe4 12. dxe4 O-O 13. Qe1 Re8 14. e5 Ng4 15.
Ne4 Nf8 16. Nd6 Rd8 17. Qh4 Nh6 18. Be3 Qc7 19. Rae1 f6 20. Nd4 Ng4 21. Nxc8
Nxe3 22. Rxe3 g5 23. fxg5 fxe5 24. Nf5 Raxc8 25. Bh3 Ng6 26. Qc4+ Kh8 27. Nxg7
Kxg7 28. Bxc8 Rxc8 29. Qe6 Rd8 30. Rd3 Rxd3 31. cxd3 Nf4 32. Qf6+ Kg8 33. d4 Ng6
34. dxe5 Qxe5 35. Qxe5 Nxe5 36. Kg2 b5 37. b3 Kg7 38. Rf6 a5 39. Re6 Nd3 40.
Rxc6 Nb4 41. Rb6 Nxa2 42. Rxb5 Nc1 43. Kf3 Kg6 44. Kg4 1-0

[Event "St.Petersburg Summer Open"]
[Site "St Petersburg RUS"]
[Date "2016.08.24"]
[Round "8.30"]
[White "Nikitinyh, Boris"]
[Black "Fridman, Anatoly"]
[Result "1-0"]
[WhiteElo "2099"]
[BlackElo "2191"]
[WhiteFideId "4198328"]
[BlackFideId "24166952"]
[EventDate "2016.08.17"]

1. e4 e5 2. Nf3 Nc6 3. Bb5 a6 4. Ba4 Nf6 5. O-O b5 6. Bb3 Be7 7. Re1 d6 8. h3
O-O 9. a4 Bb7 10. Nc3 Na5 11. Ba2 b4 12. Nd5 c5 13. Nxe7+ Qxe7 14. d3 Qc7 15.
Nh4 b3 16. Bxb3 Nxb3 17. cxb3 Bc8 18. Nf3 Rb8 19. Nd2 Ne8 20. Nc4 Be6 21. Bd2
Qb7 22. Ra3 Qd7 23. a5 Nc7 24. Nb6 Qb5 25. Bc3 f5 26. f4 exf4 27. exf5 Rxf5 28.
Qf3 Rbf8 29. Ra4 R5f7 30. Rae4 Bd7 31. Re7 Bf5 32. Nc4 Ne8 33. Qd5 Bg6 34. Qe6
Bf5 35. Qd5 Bg6 36. h4 h5 37. Kh2 Kh7 38. Rxf7 Rxf7 39. Re2 Qd7 40. Qe6 Qxe6 41.
Rxe6 Rd7 42. d4 Bf7 43. Re2 Nf6 44. dxc5 Ng4+ 45. Kg1 Bxc4 46. bxc4 dxc5 47. Rd2
Re7 48. Rd5 g6 49. Rxc5 Kg8 50. Rc6 Kf7 51. Rxa6 Rd7 52. Kf1 Rd1+ 53. Ke2 Rg1
54. Kf3 Rf1+ 55. Ke4 g5 56. hxg5 h4 57. g6+ Ke7 58. Bb4+ Kd7 59. g7 1-0